On This Day: October 2nd Quiz Stats

 Plays Quiz Updated Oct 2, 2017

Challenge
Share
Tweet
Embed
Score 0/7 Timer 03:00
0 Plays Today
Question Answer Wrong Answers
This comic strip written and illustrated by Charles M. Schulz is first published.
1950
Peanuts
93.5%
Garfield
3.8%
Dilbert
0.8%
Doonesbury
0.4%
This American TV anthology series created by Rod Serling premieres on CBS.
1959
The Twilight Zone
90%
The Outer Limits
3.5%
Thriller
1%
Tales from the Crypt
3.6%
This former lawyer and leader of the Indian independence movement against British rule is born.
1869
Mahatma Gandhi
84.4%
Jawaharlal Nehru
11.5%
Mother Teresa
1.2%
Bhagat Singh
2.4%
This man is sworn in as the first African-American justice of the United States Supreme Court.
1967
Thurgood Marshall
73.1%
Clarence Thomas
20.2%
William H. Hastie
2.4%
Wade H. McCree
2.2%
Guinea declares its independence from ______.
1958
France
64.5%
Spain
12.7%
Denmark
4.4%
Netherlands
16.5%
The ______ Revolution begins with the Battle of Gonzales. Mexican soldiers attempt to disarm the people of Gonzales but encounter stiff resistance from a hastily assembled militia.
1835
Texas
61.2%
California
7.6%
Guatemalan
22.7%
Salvadorian
8.4%
This President of the Dominican Republic orders the execution of the Haitian population living within the borderlands. Thousands are killed over the next five days.
1937
Rafael Trujillo
42.1%
Fulgencio Batista
26%
Augusto Pinochet
17.1%
Rafael Carrera
13.7%

Today's Daily Dose

Word Ladder
Homophones Ate

Quick Pick
RGB Colors

On This Day
August 18th II

You're not logged in!

Compare scores with friends on all Sporcle quizzes.
Join for Free
OR
Log In

You Might Also Like...

Show Comments

Extras

Top Quizzes Today


Score Distribution

Your Account Isn't Verified!

In order to create a playlist on Sporcle, you need to verify the email address you used during registration. Go to your Sporcle Settings to finish the process.

Report this User

Report this user for behavior that violates our Community Guidelines.

Details: